Notas sobre el problema de Dirichlet y el método de Galerkin /
Guardado en:
| Autor Principal: | |
|---|---|
| Formato: | Libro |
| Idioma: | Spanish |
| Publicado: |
Santa Fe, Argentina :
PEMA-GTM,
1985.
|
| Series: | Cuadernos de matemática y mecánica. Serie Cursos y seminarios ;
no. 1 |
| Etiquetas: |
Agregar Etiqueta
Sin Etiquetas, Sea el primero en etiquetar este registro!
|
| LEADER | 00651nam a22001695a 4500 | ||
|---|---|---|---|
| 001 | MAT.inmabb003130 | ||
| 008 | 051027s1985####ag#a#####b####000#0#spa#d | ||
| 005 | 20170904121742.0 | ||
| 245 | 1 | 0 | |a Notas sobre el problema de Dirichlet y el método de Galerkin / |c Felipe Zó. |
| 260 | |a Santa Fe, Argentina : |b PEMA-GTM, |c 1985. | ||
| 300 | |a vii, 119 p. : |b il. ; |c 22 cm. | ||
| 440 | 0 | |a Cuadernos de matemática y mecánica. |p Serie Cursos y seminarios ; |v no. 1 | |
| 500 | |a Notas de un curso dictado en Santa Fe en 1984. | ||
| 504 | |a Bibliografía: p. 118-119. | ||
| 100 | 1 | |a Zó, Felipe, |d 1945- | |
| 084 | |a 35Jxx (65N30) |2 msc2000 | ||
| 859 | |h 35 |i Z83 |p A-9141 |b BIB. MATEMATICA | ||
